Transitiions in Indian Economic Historiography/ (Record no. 193037)

MARC details
000 -LEADER
fixed length control field 00620nam a22001817a 4500
005 - DATE AND TIME OF LATEST TRANSACTION
control field 20221014114955.0
010 ## - LCCN (DPL NO)
LC control number ENG-135408
020 ## - INTERNATIONAL STANDARD BOOK NUMBER
International Standard Book Number 9789384782184
Terms of availability 350.00
035 ## - SYSTEM CONTROL NUMBER
System control number EN-118940
037 ## - SOURCE OF ACQUISITION
Source of stock number/acquisition DBAD/PUB
082 ## - DEWEY DECIMAL CLASSIFICATION NUMBER
Classification number 954
100 ## - MAIN ENTRY--PERSONAL NAME
Personal name Preeti Singh
245 ## - TITLE STATEMENT
Title Transitiions in Indian Economic Historiography/
Statement of responsibility, etc Preeti Singh
260 ## - PUBLICATION, DISTRIBUTION, ETC. (IMPRINT)
Place of publication, distribution, etc Delhi
Name of publisher, distributor, etc Disha International Publishing House
Date of publication, distribution, etc 2016
270 ## - ADDRESS
Address F-7, Gali No. 1, 1st Floor, Panchsheel Garden Ext. Naveen Shahdara
City Delhi
Postal code 110032
Electronic mail address dishainternationalpublishing@gmail.com
300 ## - PHYSICAL DESCRIPTION
Extent 155p.
Dimensions 22cm(hb)
942 ## - ADDED ENTRY ELEMENTS (KOHA)
Source of classification or shelving scheme Dewey Decimal Classification
Item type English Books
Call number suffix PRE
Classification part 954
Holdings
Withdrawn status Lost status Not for loan Collection code Home library Current library Date acquired Source of acquisition Cost, normal purchase price Full call number Barcode Copy number Cost, replacement price Koha item type
      Non-fiction R.K.Puram-8 R.K.Puram-8 14/10/2022 DBAD/PUB 350.00 954 PRE EN-118940 1 350.00 English Books

© Delhi Public Library
Hit Counter
free hit counter